Globalization or denationalization? /

Spremljeno u:
Bibliografski detalji
Glavni autor: Prewitt, Kenneth
Format: Tekst
Teme:
Oznake: Dodaj oznaku
Bez oznaka, Budi prvi tko označuje ovaj zapis!

MARC

LEADER 00000 a a2200000 04500
001 8896
003
040
100 |a Prewitt, Kenneth  
245 |a Globalization or denationalization? /  |c Kenneth Prewitt 
650 |a GLOBALIZACION  
650 |a SOCIEDAD DE LA INFORMACION  
650 |a CIUDADES  
650 |a MEDIO URBANO  
650 |a MEDIO SOCIAL  
773 |g volumen 4, número 1 winter; páginas 15-19  
999 |c 36235  |d 36235